|
|
|
|
| LEADER |
00632nab a2200193 i 4500 |
| 001 |
misc25361 |
| 005 |
20191111110445.0 |
| 008 |
171120s1939 hu o 0|| zxx d |
| 040 |
|
|
|a SZTE Miscellanea Repozitórium
|b hun
|
| 041 |
|
|
|a zxx
|
| 100 |
1 |
|
|a Melczer Miklós
|
| 245 |
1 |
0 |
|a Általánosuló, halált okozó - lymphogranuloma inguinale
|h [elektronikus dokumentum] /
|c Melczer Miklós
|
| 260 |
|
|
|c 1939
|
| 300 |
|
|
|a 1-9
|
| 490 |
0 |
|
|a Kolligátum
|
| 695 |
|
|
|a Nemi betegségek
|
| 700 |
0 |
1 |
|a Sipos Károly
|e aut
|
| 700 |
0 |
2 |
|a Venkei-Wlassics Tibor
|e aut
|
| 856 |
4 |
0 |
|u http://misc.bibl.u-szeged.hu/25361/1/016_016_001-009.pdf
|z Dokumentum-elérés
|